Normal view
MARC view
- Armed forces- Pakistan
Entry Topical Term
001 - CONTROL NUMBER
- control field: 187
003 - CONTROL NUMBER IDENTIFIER
- control field: NUST
005 - DATE AND TIME OF LATEST TRANSACTION
- control field: 20170509123513.0
008 - FIXED-LENGTH DATA ELEMENTS
- fixed length control field: 170509|| aca||aabn | a|a d
040 ## - CATALOGING SOURCE
- Original cataloging agency: NUST
- Transcribing agency: NUST
150 ## - HEADING--TOPICAL TERM
- Topical term or geographic name entry element: Armed forces- Pakistan
670 ## - SOURCE DATA FOUND
- Source citation: Work cat.: (NUST)0: Carey Schofield 186, Inside the Pakistan Army : a woman's experience on the frontline of the war on terror, 2011
